| Tag |
First Indicator |
Second Indicator |
Subfields |
| LEADER |
00000cam a2200000 a 4500 |
| 001 |
in00000051047 |
| 005 |
20151007080135.0 |
| 008 |
780601c1978 xx b 00010 eng d |
| 035 |
|
|
|a (OCoLC)03943665
|
| 035 |
|
|
|9 AAF4313AM
|
| 040 |
|
|
|a CLA
|c CLA
|d m.c.
|d TXA
|d UtOrBLW
|
| 049 |
|
|
|a TXAS
|c [1422335]
|
| 090 |
|
|
|a Z1041
|b M28 1978
|
| 100 |
1 |
|
|a McGhan, Barry.
|
| 245 |
1 |
0 |
|a Science fiction and fantasy pseudonyms /
|c compiled by Barry McGhan.
|
| 250 |
|
|
|a Rev. and expanded.
|
| 264 |
|
1 |
|a [Place of publication not identified] :
|b Misfit Press ;
|c 1978.
|
| 264 |
|
2 |
|a Dearborn, Mich. :
|b [distributed by] H. DeVore,
|
| 264 |
|
4 |
|c ©1976
|
| 300 |
|
|
|a v, 70 pages ;
|c 21 cm.
|
| 336 |
|
|
|a text
|b txt
|2 rdacontent
|
| 337 |
|
|
|a unmediated
|b n
|2 rdamedia
|
| 338 |
|
|
|a volume
|b nc
|2 rdacarrier
|
| 500 |
|
|
|a Title on cover: Sciencefiction and fantasy pseudonyms.
|
| 504 |
|
|
|a Bibliography: pages iv-v.
|
| 650 |
|
0 |
|a Anonyms and pseudonyms.
|
| 740 |
0 |
|
|a Sciencefiction and fantasy pseudonyms.
|
| 999 |
|
|
|a MARS
|
| 999 |
f |
f |
|s 2fed3a9e-c276-3d5c-8511-08b6a20471f3
|i 27096e8a-70ae-32be-9524-c4f5fab3607d
|t 0
|
| 952 |
f |
f |
|p noncirc
|a Texas A&M University
|b College Station
|c Cushing Memorial Library & Archives
|d Cushing: Science Fiction (Does not check out)
|t 0
|e Z1041 .M28 1978
|h Library of Congress classification
|i unmediated -- volume
|m A14805956033
|
| 998 |
f |
f |
|a Z1041 .M28 1978
|t 0
|l Cushing: Science Fiction (Does not check out)
|